Singapore property tax cases 1959-1986
| Other Authors: | |
|---|---|
| Format: | Book |
| Published: |
Singapore :
Malayan Law Journal ,
1987
|
| Subjects: |
MARC
| LEADER | 00000cam a2200000 7i4500 | ||
|---|---|---|---|
| 001 | 0000009042 | ||
| 005 | 20150625.0 | ||
| 020 | |a 9971700573 | ||
| 040 | |a INS | ||
| 090 | 0 | 0 | |a KF6164.83.P8 |b S46 1987 |
| 245 | 1 | 0 | |a Singapore property tax cases 1959-1986 |c compiled by Leila bt. Abdul Rahman |
| 260 | |a Singapore : |b Malayan Law Journal , |c 1987 | ||
| 300 | |a 413p ; |c 30cm. | ||
| 650 | 0 | |a Land Value taxation |x Singapore |v Cases | |
| 650 | 0 | 0 | |a Real property tax |x Singapore |v Cases |
| 700 | 1 | |a Leila bt. Abdul Rahman | |
| 999 | |a 0000021830 |b BOOK |c Open Shelf |e Default branch | ||